LDR 00815naa#a2200193#i#450# 001 EN\\bibl\98715 005 20260428065729.2 011 ## _a2071-7318 100 ## _a20260409b2026####ek#y0engy0150####ca 102 ## _aRU 200 1# _aANALYSIS OF THE USE OF NEURAL NETWORKS FOR THE AUTOMATED DEVELOPMENT OF TECHNOLOGICAL PROCESSES FOR PROCESSING MATERIALS BY CUTTING _eJournal article 210 1# _aBelgorod _cBelgorod State Technological University named after V.G. Shukhov _d2026 215 ## _a9 с. 608 ## _aJournal article _2local 675 ## _aТеория машиностроения (машиноведение). Механика как теоретическая основа машиностроения. 621.01 _z 700 #1 _aBondarenko _gN. V. 700 #1 _aSokolov _gM. V. 700 #1 _aMinin _gA. A. 856 4# _anaukaru.ru _u